Images That Rhyme with 'GAIN' Quiz Stats

 Plays Quiz Updated Nov 6, 2018

Support Sporcle.
Go Orange.
Score 0/25 Timer 04:00
3 Plays Today
% Correct
brain
99.8%
rain
99.3%
train
99%
drain
97.4%
cane
97.2%
chain
95.7%
mane
94.4%
crane
89.9%
pane
86.4%
stain
85.8%
Spain
84.3%
grain
83.1%
(Lois) Lane
76.5%
% Correct
Maine
74.1%
vane
72.9%
Bane
71%
(Michael) Caine
64.9%
Wayne (Gretzky)
61.2%
plane
51.7%
rein
51.2%
(David) Blaine
50.5%
(Mark) Twain
47.9%
vein
41.9%
(Billy) Zane
37%
Shane
21.6%

You're not logged in!

Compare scores with friends on all Sporcle quizzes.
OR
Log In

From the Vault

Books Missing 'A' Words

by kfastic

These book titles require a little more reading between the lines.
Remove Ads.
Support Sporcle.
Get the best of Sporcle when you Go Orange. This ad-free experience offers more features, more stats, and more fun while also helping to support Sporcle. Thank you for becoming a member.

Show Comments

Extras

Top Quizzes Today


Score Distribution

Your Account Isn't Verified!

In order to create a playlist on Sporcle, you need to verify the email address you used during registration. Go to your Sporcle Settings to finish the process.

Report this User

Report this user for behavior that violates our Community Guidelines.

Details: